<?xml version="1.0" encoding="UTF-8"?>
<collection xmlns="http://www.loc.gov/MARC21/slim">
  <record>
    <leader>00000nam  2200000   4500</leader>
    <controlfield tag="001">INLIS000000000020666</controlfield>
    <controlfield tag="005">20250729103535</controlfield>
    <datafield tag="035" ind1="#" ind2="#">
      <subfield code="a">0010-0725000196</subfield>
    </datafield>
    <controlfield tag="007">ta</controlfield>
    <controlfield tag="008">250729################g##########0#ind##</controlfield>
    <datafield tag="020" ind1="#" ind2="#">
      <subfield code="a">979 421 243 1</subfield>
    </datafield>
    <datafield tag="082" ind1="#" ind2="#">
      <subfield code="a">374.013 2</subfield>
    </datafield>
    <datafield tag="084" ind1="#" ind2="#">
      <subfield code="a">374.013 2 ARI o</subfield>
    </datafield>
    <datafield tag="100" ind1=" " ind2="#">
      <subfield code="a">Arikunto, Suharsimi</subfield>
    </datafield>
    <datafield tag="245" ind1="1" ind2="#">
      <subfield code="a">Organisasi dan Administrasi :</subfield>
      <subfield code="b">Pendidikan Teknologi dan Kejuruan /</subfield>
      <subfield code="c">Suharsimi Arikunto</subfield>
    </datafield>
    <datafield tag="250" ind1="#" ind2="#">
      <subfield code="a">Cetakan ke 1</subfield>
    </datafield>
    <datafield tag="260" ind1="#" ind2="#">
      <subfield code="a">Jakarta :</subfield>
      <subfield code="b">Rajawali Pers,</subfield>
      <subfield code="c">1990</subfield>
    </datafield>
    <datafield tag="300" ind1="#" ind2="#">
      <subfield code="a">xiv, 320 halaman :</subfield>
      <subfield code="b">ilus ;</subfield>
      <subfield code="c">23 cm</subfield>
    </datafield>
    <datafield tag="650" ind1="#" ind2="4">
      <subfield code="a">Pendidikan untuk Orang Dewasa</subfield>
    </datafield>
    <datafield tag="520" ind1="#" ind2="#">
      <subfield code="a">Buku yang berbicara sekaligus tentang administrasi dan organisasi pendidikan rasanya baru kali ini digarap orang. Padahal antara keduanya sangat komplementer, apalagi yang meletakkan tekanan bahasannya pada pendidikan teknologi dan kejuruan.&#13;
&#13;
Sebagai contoh adalah kecaman yang selalu terdengar tentang mutu lulusan sekolah kejuruan yang belum siap pakai. Diketahui kemudian bahwa faktor yang mempengaruhi rendahnya mutu lulusan bukan hanya terletak pada kurikulum, guru atau murid saja, tetapi yang juga amat menentukan adalah kelaikan administrasi dan pengorganisasiannya.&#13;
&#13;
Buku dihadapan anda ini dimaksudkan untuk memberikan informasi dan alternatif yang dapat dijadikan bahan bagi administrator di sekolah kejuruan di dalam melaksanakan tugasnya. Buku ini merupakan hasil karya pengarang selama mengikuti Program Refresher di Amerika Serikat atas sponsor P&amp;K.</subfield>
    </datafield>
    <datafield tag="990" ind1="#" ind2="#">
      <subfield code="a">24604</subfield>
    </datafield>
    <datafield tag="990" ind1="#" ind2="#">
      <subfield code="a">23028</subfield>
    </datafield>
  </record>
</collection>
